| 000 | 00454nam a2200181Ia 4500 | ||
|---|---|---|---|
| 001 | 16268 | ||
| 005 | 20260306170257.0 | ||
| 008 | 260306t2002||||xx |||||||||||||| ||und|| | ||
| 041 | _aESP | ||
| 082 |
_a347.51 _bS64 |
||
| 100 |
_aBrunetti, Antonio _eAUT |
||
| 245 | 0 |
_aSociedades mercantiles: _bAspectos generales de la sociedad |
|
| 260 | _c2002 | ||
| 300 |
_a000 páginas : _c28 cm. |
||
| 650 | _aGEN | ||
| 654 | _aCDE | ||
| 942 |
_cLIB _dJUS _fJUS _2ddc _n |
||
| 999 |
_c16268 _d16268 |
||